De Teotihuacán a los aztecas : antología de fuentes e interpretaciones históricas /

Antología de las fuentes documentales sobre Teotihuacan y sobre los aztecas. Contiene fuentes originales –como códices, informes de algunos frailes, datos arqueológicos, etcétera- y también la interpretación que de estas mismas fuentes han hecho otros historiadores. El nahuatlato Miguel León-Portill...

Descripción completa

Guardado en:
Detalles Bibliográficos
Autor principal: León-Portilla, Miguel (selección)
Formato: Libro
Idioma:Español
Publicado: México : UNAM, Instituto de Investigaciones Históricas, 1972, c1972
Edición:2a edición
Colección:(Lecturas Universitarias ; 11)
Temas:
Etiquetas: Agrega una etiqueta
Sin etiquetas, Sé el primero en etiquetar este registro!

MARC

LEADER 00000nam^a2200000^a^4500
001 000014350
005 20250521000000.0
009 20260310083939.711
037 |a Acervo ITESO - Biblioteca 
041 |a ESP 
082 |a 972. 01  |b LEO 
100 |a León-Portilla, Miguel  |e (selección) 
240 1 1 |a [De Teotihuacán a los aztecas: antología de fuentes e interpretaciones históricas] 
245 1 0 |a De Teotihuacán a los aztecas :  |b antología de fuentes e interpretaciones históricas /  |c Selec. y advertencia de M. León-Portilla. 
250 |a 2a edición 
264 4 |a México :  |b UNAM, Instituto de Investigaciones Históricas,  |c 1972, c1972 
300 |a 611 p. 
336 |a texto  |b txt  |2 rdacontenido 
337 |a sin mediación  |b n  |2 rdamedio 
338 |a volumen  |b nc  |2 rdasoporte 
440 1 |a (Lecturas Universitarias ;  |v 11) 
520 |a Antología de las fuentes documentales sobre Teotihuacan y sobre los aztecas. Contiene fuentes originales –como códices, informes de algunos frailes, datos arqueológicos, etcétera- y también la interpretación que de estas mismas fuentes han hecho otros historiadores. El nahuatlato Miguel León-Portilla se propone mostrar en qué consiste el proceso de la investigación histórica a través de estos ejemplos, y que pueda percibirse la metodología, los distintos criterios y enfoques de algunos historiadores. 
545 0 |a Miguel León-Portilla, historiador mexicano (1926). Obtuvo los grados de maestro en la Universidad Loyola de Los Angeles, California, y de doctor en la Facultad de Filosofía y Letras de la UNAM, donde ha impartido clases y ha sido investigador por más de cuarenta años. Discípulo de Angel María Garibay, León-Portilla ha formado escuela en torno a su interés por el mundo indígena, en particular por la cultura nahua en la historia de México desde tiempos prehispánicos. Fundador de la revista Estudios de Cultura Náhuatl, ha dirigido, también, las revistas América Indígena y Tlalocan. Entre sus libros se encuentran: Visión de los vencidos, Trece poetas del mundo azteca; La filosofía náhuatl estudiada en sus fuentes; Literaturas indígenas de México; Los maestros prehispánicos de la palabra; Nezahualcóyotl, poesía y pensamiento; Los antiguos mexicanos a través de sus crónicas y cantares; Siete ensayos sobre cultura náhuatl; Tonantzin-Guadalupe, pensamiento náhuatl y mensaje cristiano. Ha recibido numerosos reconocimientos, entre ellos el Doctorado Honoris Causa de las universidades Southern Methodist (Dallas, 1980), de Tel Avivl (1987), Autónoma de Baja California (1990), Toulouse Le Mirail (1990), de Colima (1994), Mayor de San Andrés (1994), de Brown (1996), Nacional Autónoma de México (1998), Carolina de Praga (2000) y del Sistema Educativo UIA-ITESO (2002). También ha sido reconocido con los premios Nacional en Historia, Filosofía y Ciencias Sociales (1981), Cronista de la Ciudad de México (1974), Universidad Nacional (1994), Bartolomé de las Casas (2000). En 1995 el Senado de la República le confirió la medalla Belisario Domínguez. Pertenece a la Academia Mexicana de la Historia (de la que fue presidente), Academia Mexicana de la Lengua, la Real Academia Española y la National Academy of Sciences de EUA. Fue embajador de México ante la UNESCO entre 1987 y 1992. 
586 |a Premio Nacional de Ciencias y Artes, categoría Historia, Ciencias Sociales y Filosofía (32°: 1981): Antologías 
649 |a XX 
650 |a Aztecas -  |x Historia 
650 |a Toltecas -  |x Historia 
650 |a Nahuas -  |x Historia -  |y Epoca Prehispánica -  |x Tema Principal 
650 |a Indígenas de México -  |x Historia -  |y Epoca Prehispánica 
650 |a Organización Política -  |z México -  |x Historia -  |y Epoca Prehispánica 
650 |a Organización Social -  |z México -  |x Historia -  |y Epoca Prehispánica 
650 |a Economía -  |z México -  |x Historia -  |y Epoca Prehispánica 
650 |a Religión -  |z México -  |x Historia -  |y Epoca Prehispánica 
650 |a Filosofía -  |z México -  |x Historia -  |y Epoca Prehispánica 
650 |a Códices Prehispánicos -  |z México -  |x Historia y Crítica 
650 |a Historia -  |x Metodología 
650 |a Historia -  |x Teoría 
650 |a Historiografía -  |z México 
650 |a México -  |x Historia -  |x Documentos 
650 |a México (Región Centro) -  |x Historia -  |y Epoca Prehispánica 
650 |a México -  |x Historia -  |y Epoca Prehispánica -  |x Tema Principal 
910 |a Fondo General 
920 |a Impresos - Libros 
930 |a Colección General 
905 |a 101 
901 |a 0143500100  |b IT1  |c ACC  |i 014350  |u 20250521 
902 |a https://opac.biblio.iteso.mx/vufind/Record/000014350